000 00320nam a22001217a 4500
082 _a894.812
_bEMM/A
100 _aGEORGE IMMATTI
245 _aATHBUDHAPRATHIBHAKALAYA GANITHA SHASTRANJANMAAR
260 _aTHRICHUR
_bH & C PUBLISHING HOUSE
_c2008
300 _a96
650 _aBASED ON MATHEMATICIANS
_zKERALA
942 _cBK
999 _c1016
_d1016